| 000 | 00769nam a2200217 a 4500 | ||
|---|---|---|---|
| 001 | 86436 | ||
| 003 | BD-RjUL | ||
| 005 | 20260505143513.0 | ||
| 008 | 260505s1993 bg ||||| |||| 00| 0 ben d | ||
| 035 | _a(BD-RjUL)86436 | ||
| 040 |
_aBD-RjUL _beng _cBD-RjUL |
||
| 041 | _aeng | ||
| 082 |
_223 _a297.09 _bRAM 1993 |
||
| 100 |
_aরসুল, মোহাম্মদ গোলাম _918365 |
||
| 245 |
_aইসলামের ইতিহাস / _cমোহাম্মদ গোলাম রসুল |
||
| 260 |
_aঢাকা : _bবীণাপানি বুক ডিপো, _c১৯৯৩ |
||
| 300 |
_a৫৩৮ পৃ.; _c২১ সেমি. |
||
| 650 |
_aইসলাম _xইতিহাস _918366 |
||
| 650 |
_aIslam _xHistory _918286 |
||
| 942 |
_2ddc _cBK |
||
| 999 |
_c86436 _d86436 |
||